El Corral de la Pacheca (Record no. 165211)

MARC details
000 -LEADER
campo de control de longitud fija 00967nam a2200241 i 4500
001 - NÚMERO DE CONTROL
campo de control 165211
003 - IDENTIFICADOR DE NÚMERO DE CONTROL
campo de control ES-MaACL
005 - FECHA Y HORA DE LA ÚLTIMA TRANSACCIÓN
campo de control 20250908233610.0
008 - DATOS DE LONGITUD FIJA--INFORMACIÓN GENERAL
campo de control de longitud fija 940615s1888 sp af |||| |dspa d
080 ## - NÚMERO DE LA CLASIFICACIÓN DECIMAL UNIVERSAL
Número de la Clasificación Decimal Universal 725.822(460.27 M.)
080 ## - NÚMERO DE LA CLASIFICACIÓN DECIMAL UNIVERSAL
Número de la Clasificación Decimal Universal 792(460.27 M.)"15/17"
100 1# - ENTRADA PRINCIPAL--NOMBRE DE PERSONA
Nombre de persona Sepúlveda, Ricardo,
Fechas asociadas al nombre 1846-1909
9 (RLIN) 132653
245 13 - MENCIÓN DEL TÍTULO
Título El Corral de la Pacheca
Resto del título : apuntes para la historia del teatro español /
Mención de responsabilidad, etc. por Ricardo Sepúlveda ; con un prólogo de Julio Monreal ; ilustraciones de Comba y fotograbados de Laporta.
260 ## - PUBLICACIÓN, DISTRIBUCIÓN, ETC.
Lugar de publicación, distribución, etc. Madrid :
Nombre del editor, distribuidor, etc. Librería de Fernando Fe,
Fecha de publicación, distribución, etc. 1888.
300 ## - DESCRIPCIÓN FÍSICA
Extensión 667 p., [9] h. de lám. ;
Dimensiones 18 cm.
510 4# - NOTA DE CITAS O REFERENCIAS BIBLIOGRÁFICAS
Nombre de la fuente PALAU, 309394
610 24 - PUNTO DE ACCESO ADICIONAL DE MATERIA--NOMBRE DE ENTIDAD CORPORATIVA
Nombre de entidad corporativa o nombre de jurisdicción como elemento de entrada Corral de La Pacheca.
9 (RLIN) 137506
700 1# - ENTRADA AGREGADA--NOMBRE PERSONAL
Nombre de persona Monreal, Julio,
Fechas asociadas al nombre 1839-1890
9 (RLIN) 148903
700 1# - ENTRADA AGREGADA--NOMBRE PERSONAL
Nombre de persona Comba, Juan,
Fechas asociadas al nombre 1852-1924
9 (RLIN) 126552
700 1# - ENTRADA AGREGADA--NOMBRE PERSONAL
Nombre de persona Laporta, Francisco,
Fechas asociadas al nombre 1850-1914
9 (RLIN) 152865
852 ## - LOCALIZACIÓN
Ubicación ES-MaACL
Número de control de estantería Z-104
Nota libre -- Enc. pasta
Encuadernación OLim: F-11163
Holdings
Estatus retirado Estado de pérdida Estado de daño No para préstamo Colección Biblioteca de origen Biblioteca actual Ubicación en estantería Fecha de adquisición Total de préstamos Signatura topográfica completa Código de barras Visto por última vez Precio de reemplazo Tipo de ítem Koha
        Libros del s. XIX Biblioteca del Ateneo de Madrid Biblioteca del Ateneo de Madrid Depósito Z 17/01/2008   Z-104 1173240 23/02/2023 23/02/2023 Libro impreso antiguo